Historia del arte Labor. (Record no. 68941)

MARC details
000 -LEADER
campo de control de longitud fija 01037nam a2200181 i 4500
001 - NÚMERO DE CONTROL
campo de control 68941
003 - IDENTIFICADOR DE NÚMERO DE CONTROL
campo de control ES-MaACL
005 - FECHA Y HORA DE LA ÚLTIMA TRANSACCIÓN
campo de control 20230906170409.0
007 - CAMPO FIJO DE DESCRIPCIÓN FÍSICA--INFORMACIÓN GENERAL
campo de control de longitud fija t|
008 - DATOS DE LONGITUD FIJA--INFORMACIÓN GENERAL
campo de control de longitud fija 040813s19311958sp afo e |||| |dspa d
080 ## - NÚMERO DE LA CLASIFICACIÓN DECIMAL UNIVERSAL
Número de la Clasificación Decimal Universal 7(091)(031)
245 00 - MENCIÓN DEL TÍTULO
Título Historia del arte Labor.
260 ## - PUBLICACIÓN, DISTRIBUCIÓN, ETC.
Lugar de publicación, distribución, etc. Barcelona :
Nombre del editor, distribuidor, etc. Labor,
Fecha de publicación, distribución, etc. 1931-1958.
300 ## - DESCRIPCIÓN FÍSICA
Extensión v. <2-15> :
Otras características físicas il. ;
Dimensiones 28 cm.
505 8# - NOTA DE CONTENIDO CON FORMATO
Nota de contenido con formato Contiene: 2. Arte del antiguo Oriente - 3. Arte clásico (Grecia y Roma) - 4. Arte de India, China y Japón, Camboya, Siam, Java, Ceilán, Corea, Tibet, Turquestán, Afganistán - 5. Arte del islam - 6. Arte de la alta Edad Media - 7. Arte gótico - 8. Arte del protorrenacimiento en Italia - 9. Arte del Renacimiento en Italia - 11. Arte Barroco en Italia, Francia, Alemania y España - 12. El realismo en la pintura del siglo XVII: Países Bajos y España - 13. Arte rococó - 14. Arte del clasicismo y del Romanticismo - 15. Arte del realismo e impresionismo en el siglo XIX.
650 ## - PUNTO DE ACCESO ADICIONAL DE MATERIA--TÉRMINO DE MATERIA
Término de materia o nombre geográfico como elemento de entrada Arte-
Subdivisión general Historia-
Subdivisión de forma Enciclopedias.
9 (RLIN) 10109
852 ## - LOCALIZACIÓN
Ubicación ES-MaACL
Número de control de estantería J-66
Holdings
Estatus retirado Estado de pérdida Estado de daño No para préstamo Biblioteca de origen Biblioteca actual Ubicación en estantería Fecha de adquisición Fuente de adquisición Total de préstamos Signatura topográfica completa Código de barras Visto por última vez Precio de reemplazo Tipo de ítem Koha
        Biblioteca del Ateneo de Madrid Biblioteca del Ateneo de Madrid Depósito 2 17/01/2008     J-66 1072191 23/02/2023 23/02/2023 Libro impreso